RÁDIO T-25A - Statistics

General Stats
  • This quiz has been taken 47 times
  • The average score is 15 of 24
Answer Stats
Hint Answer % Correct
espaçamento do sistema vhf 25KHz
95%
capacidade para 760 canais
89%
faixa do sistema vhf (x a y) 118,0 a 136,975
84%
a antena vhf está localizada na cauda
84%
é necessário aguardar __ minuto no SBY para o aquecimento do equipamento 1
68%
transponder recebe na freq 1030
68%
transponder responde automaticamente na freq 1090
68%
cápsula altimétrica localizada no próprio aparelho (T-25X) A
68%
cápsula altimétrica localizada no altímetro do 1P (T-25Y) C
68%
o loc opera na faixa 108,1 a 111,9
63%
voltagem da bateria interna do TLE 12
58%
freq de emergência 121,50
58%
na posição ON opera no modo ___ 3A
58%
na posição ALT opera no modo ___ 3C
58%
validade da bateria 60 meses
58%
a bateria do tle descarrega com 72 horas
58%
faixa de freq do vor 108,0 a 117,9
47%
a transmissão do TLE é feita em X / Y e Z (X / Y / Z) 121,5 / 243,0 / 406,025
47%
o TDR transmitirá o sinal IDENT durante aproximadamente 20 segundos
47%
a alternância de frequências dura 24 horas
47%
a precisão da posição do avião é de 1 a 2 km
42%
TLE é ativado com desaceleração de 5g no eixo longitudinal
42%
elimina-se o abafador de ruídos
42%
puxando o botão de volume ativa-se a função teste
42%
No matching quizzes found
Score Distribution
Percent of People with Each Score
Percentile by Number Answered
Your Score History
You have not taken this quiz